Topologičeskije variacionnyje zadači.

Uložené v:
Podrobná bibliografia
Hlavný autor: Fomenko, Anatolij Timofejevič
Médium: Kniha
Jazyk:Russian
Vydané: Moskva : Izdateľstvo Moskovskogo universiteta, 1984.
Fyzický popis: 215 strán.
Tagy: Pridať tag
Žiadne tagy, Buďte prvý kto otaguje tento záznam!

MARC

LEADER 00000nam a22000002i 4500
001 000641663
005 20200618142137.0
008 200618s1984 ru e 000 0 rus d
020 |c Kčs 5,50  |q (brožované) 
040 |a SVKKK  |b slo  |c SVKKK  |e rda 
100 1 |a Fomenko, Anatolij Timofejevič 
245 1 0 |a Topologičeskije variacionnyje zadači. 
264 1 |a Moskva :  |b Izdateľstvo Moskovskogo universiteta,  |c 1984. 
300 |a 215 strán. 
336 |a text  |b txt  |2 rdacontent 
337 |a bez média  |b n  |2 rdamedia 
338 |a zväzok  |b nc  |2 rdacarrier 
500 |a Záznam revízie 
910 |a svkkk 
998 |a BK 
090 |g SCKHL  |k Sklad Pribinova 2. posch.  |a III.126995  |j 715706  |i 2720739363  |4 Zastaraná  |s Vyradená